000
00220nam a22000857a 4500
008
161112b xxu||||| |||| 00| 0 eng d
100
_9
1168
_a
Gupta.S.C.etal.
245
_a
CCE Social Science-3
260
_a
New Delhi
_b
Frank
_c
2012
999
_c
3841
_d
3841